| 000 | 01770nam a2200301Ia 4500 | ||
|---|---|---|---|
| 999 |
_c39383 _d39383 |
||
| 001 | 5972 | ||
| 003 | GE_BSU | ||
| 005 | 20191031110128.0 | ||
| 008 | 181216s2012||||ge |||||||||||||| ||geo|| | ||
| 020 | _a9789941919855 | ||
| 040 | _cGE_BSU | ||
| 041 | _ageo | ||
| 080 | _a09(479.22)+271.222(479.22) მ-88 | ||
| 245 |
_aმოქვის სახარება = The Mokvi Gospel : _bალბომი / _cპროექტის ხელმძღვ. ბუბა კუდავა ; ტექსტის ავტ. ნინო ქავთარია ; თარგმანი არიანე ჭანტურია ; ქართ. ტექსტის რედ. ლია ახობაძე ; ინგლ. ტექსტის რედ. ერინ ანდერსონი ; ფოტო: გია გერსამია და სხვ. |
||
| 264 |
_aთბილისი, _c2012. |
||
| 300 |
_a277 გვ. : _bილ. ; _c21 სმ. |
||
| 653 | _aსახარება | ||
| 653 | _aრელიგია | ||
| 653 | _aქრისტიენობა | ||
| 700 |
_aკუდავა, ბუბა _eპროექტის ხელმძღვ. _93540 |
||
| 700 |
_aქავთარია, ნინო _eტექსტია ავტორი _95143 |
||
| 700 |
_aჭანტურია, არიანე _eმთარგმნელი _95156 |
||
| 700 |
_aახობაძე, ლია _eრედაქტორი _95144 |
||
| 700 |
_aანდერსონი, ერინ _eრედაქტორი _95157 |
||
| 700 |
_aგერსამია, გია _eფოტო _95158 |
||
| 700 |
_aთარგამაძე, ვასილ და სხვ. _eფოტო _95159 |
||
| 942 |
_cBK _2udc |
||